000 00693nam a2200253Ia 4500
003 OSt
005 20220918212326.0
006 a|||||r|||| 00| 0
007 ta
008 220917b |||||||| |||| 00| 0 eng d
024 _a128,396
037 _cTextual
040 _aARTS
_cARTS
_beng
041 _2eng
_aeng
082 _aW:17, M5
100 _aMcneel J A
_9123432
245 0 _aCulture and conservation
_b The human dimension in environmental planning
260 _aLondon
_bCroom
_c1985
300 _axi, 308p.
_ccm.
650 _aPOLITICAL SCIENCE
700 _a Pitt D
_9121730
942 _hW:17, M5
_cTEXL
_2CC
999 _c251534
_d251534